Представление документа в формате RUSMARC

ПолеНазваниеЗначение
  Тип записи a
  Библиографический уровень m
001 Контрольный номер RU/SLIB/B/208787177
005 Дата корректировки 20201206204405.9
010 Индекс ISBN __
a ISBN 5-238-00847-3
d Цена 174-02
101 Язык документа __
a Язык текста rus
c Язык оригинала rus
200 Заглавие и сведения об ответственности 1_
a Заглавие Ипотека
e Сведения, относящиеся к заглавию управление, организация, оценка : учеб. пособие для студентов вузов, обучающихся по специальности экономика и управления (060000), "Экспертиза и управление недвижемостью (291500)
f Первые сведения об ответственности И. В. Довдиенко, В. З. Черняк
b Общее обозначение материала Текст
210 Выходные данные __
a Место издания М.
c Издательство ЮНИТИ
d Дата издания 2005
215 Физическое описание __
a Объем 464 с.
330 Аннотация __
a Аннотация Теоретические, организационные и правовые основы ипотечного кредитования, а также направления развития жилищного рынка в Российской Федерации.
606 Тематические рубрики __
a Основная рубрика Кредитно-денежная система
a Основная рубрика Обязательственное право
a Основная рубрика Право
a Основная рубрика Экономика
610 Ключевые слова __
a Ключевые слова ипотечная ссуда; ипотечное кредитование; ипотечные банки; ипотечные кредиты; жилищный кредит; жилищный фонд; ипотечный рынок; жилищный рынок; правовые основы; платежеспособность; заемщики; недвижимость; оценка недвижимости; история ипотеки; ипотека
686 Индексы других классификаций __
a Классификационный индекс 67.404.212.47(2Рос)я73
686 Индексы других классификаций __
a Классификационный индекс 65.262.232(2Рос)я73
700 Автор _1
a Фамилия Довдиенко
b Имя И. В.
4 Код отношения 070
701 Альтернативная интеллектуальная ответственность _1
a Фамилия Черняк
b Имя В. З.
4 Код отношения 070
801 Источник записи _0
a Страна RU
b Организация Муниципальное бюджетное учреждение культуры "Централизованная библиотечная система" г. Сургут (Центральная городская библиотека им. А. С. Пушкина)
g Правила каталогизации КиК/Елгина
801 Источник записи _1
a Страна RU
b Организация Муниципальное бюджетное учреждение культуры "Централизованная библиотечная система" г. Сургут (Центральная городская библиотека им. А. С. Пушкина)
g Правила каталогизации КиК/Елгина
852 Данные о местонахождении __
j Шифр хранения 67.404.212.47(2Рос)я73
c Каталожный индекс 67.404.2(2Рос)я73; 65.262.2(2Рос)я73
i Авторский знак Д 58
901 Тип документа __
t Тип документа m
903 Характеристики (МАРС) __
a Дата передачи 20060426
969 Тип издания __
a Тип издания учебное пособие
990 Данные о заказе (DOS) __
j Количество экземпляров (DOS) 1
t N записи в КСУ для И/У (DOS) 200605